Vainqueurs de la Premier League (coach, capitaine, meilleur buteur) - Statistiques

Statistiques générales
  • Ce quiz a été pris 922 fois
    283 depuis la dernière actualisation
  • Le résultat moyen est 57 sur 72
Statistiques - réponses
Hint Réponse % Correct
Liverpool
100%
2019/20 Liverpool
100%
Manchester City
100%
2016/17 Chelsea
98%
2014/15 Chelsea
98%
2009/10 Chelsea
98%
2022/23 Manchester City
98%
2021/22 Manchester City
98%
2020/21 Manchester City
98%
2018/19 Manchester City
98%
2017/18 Manchester City
98%
2013/14 Manchester City
98%
2011/12 Manchester City
98%
2012/13 Manchester United
98%
2010/11 Manchester United
98%
2008/09 Manchester United
98%
2007/08 Manchester United
98%
Mohamed Salah
98%
Mohamed Salah
98%
Pep Guardiola
98%
Pep Guardiola
98%
Pep Guardiola
98%
Pep Guardiola
98%
Pep Guardiola
98%
Pep Guardiola
98%
Jürgen Klopp
97%
2015/16 Leicester City
96%
Erling Haaland
94%
Erling Haaland
94%
Virgil van Dijk
91%
Kevin De Bruyne
90%
Sergio Agüero
90%
Sergio Agüero
90%
Sergio Agüero
90%
Sergio Agüero
90%
Alex Ferguson
89%
Alex Ferguson
89%
Alex Ferguson
89%
Alex Ferguson
89%
Jamie Vardy
89%
Arne Slot
88%
José Mourinho
83%
Cristiano Ronaldo
81%
Cristiano Ronaldo
81%
Jordan Henderson
72%
Didier Drogba
70%
Ilkay Gündogan
70%
Ilkay Gündogan
70%
Caludio Ranieri
66%
Vincent Kompany
64%
Vincent Kompany
64%
Vincent Kompany
64%
Vincent Kompany
64%
Kyle Walker
63%
John Terry
60%
John Terry
60%
John Terry
60%
Antonio Conte
59%
Fernandinho
57%
Fernandinho
57%
Robin van Persie
57%
Roberto Mancini
48%
Diego Costa
46%
Diego Costa
46%
Nemanja Vidic
45%
Manuel Pellegrini
44%
Carlo Ancelotti
41%
Wes Morgan
36%
Gary Neville
32%
Gary Neville
32%
Gary Neville
32%
Dimitar Berbatov
24%
Aucun quiz correspondant
Distribution des résultats
% des personnes avec chaque résultat
Percentile par nombre de réponses
Votre historique - résultats
Vous n’avez pas pris ce quiz depuis la dernière actualisation